000 00835nam a22003017a 4500
001 BR6004090
003 BR-BrBNA
005 20230928095554.0
007 ta
008 230509b bl.||||| |||| 00| 0 por d
040 _aBR-BrBNA
_bpor
_cBiblioteca Nacional de Agricultura
041 _a(Por)
072 _aM01; M11; E70
090 _ M01 BR6004090
110 1 _aSuperintendencia do Desenvolvimento da Pesca, Rio de Janeiro, GB (Brasil)
_910048
245 1 _aInventario basico da pesca brasileira
260 3 _aRio de Janeiro, GB (Brasil):
_c1966.
300 _a54 p.
500 _aNumerical data
650 _aPesca
650 _aInventario
650 _aEquipamento Pesqueiro
650 _aFrigorifico
650 _aComercializacao
650 _aEntreposto
909 _a202309
_bLucia
_c55
_dLucia Elande
942 _cBK
999 _c57362
_d57362